Súčasná buržoázna politická ekonómia II od tzv. ľudového kapitalizmu k teórii konvergencii

Na minha lista:
Detalhes bibliográficos
Autor principal: Korček, Ľudovít
Autor Corporativo: Vysoká škola ekonomická v Bratislave
Formato: Livro
Idioma:eslovaco
Publicado em: Bratislava Edičné stredisko VŠE 1972
Tags: Adicionar Tag
Sem tags, seja o primeiro a adicionar uma tag!

MARC

LEADER 00000nam$a2200000$$$4500
001 0001607
005 20241008074808.5
041 0 |a slo 
044 |a SK 
245 1 0 |a Súčasná buržoázna politická ekonómia II  |b od tzv. ľudového kapitalizmu k teórii konvergencii  |c Ľudovít Korček 
264 1 |a Bratislava  |b Edičné stredisko VŠE  |c 1972 
300 |a 115 s. 
100 1 |a Korček, Ľudovít 
710 2 |a Vysoká škola ekonomická v Bratislave